Mediación (Registro nro. 3455)
[ vista simple ]
| 000 -LEADER | |
|---|---|
| fixed length control field | 01574 a2200229 4500 |
| 001 - CONTROL NUMBER | |
| control field | 41312 |
| 005 - DATE AND TIME OF LATEST TRANSACTION | |
| control field | 20260407155707.0 |
| 008 - FIXED-LENGTH DATA ELEMENTS--GENERAL INFORMATION | |
| fixed length control field | 260407a2016 arg spa d |
| 003 - CONTROL NUMBER IDENTIFIER | |
| control field | AR-UNSa-BCEJYS |
| 040 ## - CATALOGING SOURCE | |
| Original cataloging agency | AR-UNSa-BCEJYS |
| Language of cataloging | spa |
| Transcribing agency | AR-UNSa-BCEJYS |
| 080 ## - UNIVERSAL DECIMAL CLASSIFICATION NUMBER | |
| Universal Decimal Classification number | 347.925 |
| Common auxiliary subdivision | Conciliación. Avenencia (Mediación) |
| 020 ## - INTERNATIONAL STANDARD BOOK NUMBER | |
| International Standard Book Number | 978-987-3953-04-0 |
| 041 ## - LANGUAGE CODE | |
| Language code of text/sound track or separate title | spa |
| 100 1# - MAIN ENTRY--PERSONAL NAME | |
| Personal name | Franzone, María Elena |
| 245 10 - TITLE STATEMENT | |
| Title | Mediación |
| Name of part/section of a work | Aspectos fundamentales |
| 264 #1 - PRODUCTION, PUBLICATION, DISTRIBUTION, MANUFACTURE, AND COPYRIGHT NOTICE | |
| Place of production, publication, distribution, manufacture | Buenos Aires : |
| Name of producer, publisher, distributor, manufacturer | Erreius |
| Date of production, publication, distribution, manufacture, or copyright notice | 2016 |
| 300 ## - PHYSICAL DESCRIPTION | |
| Extent | 112 p. |
| Dimensions | 26 cm. |
| 505 ## - FORMATTED CONTENTS NOTE | |
| Formatted contents note | 1. La mediación familiar y los mediadores familiares / Diana T. Eilbaum - 2. Cuando las parejas se separan, los mediadores transforman sus conflictos / Ema Berardo - 3. La suspensión de la prescripción en la mediación. La caducidad de la instancia de mediación. Leyes 26589, 24240 y 26994 / María Quintana - 4. Proiceso de mediación en el ámbito nacional / Cecilia Figueira - 5. Honorarios del mediador / María E. Franzone - 6. Mediación organizacional empresaria / Mónica Fernández Arhex - 7. Derecho del consumo. Cambio de paradigma / María del Rosario Saavedra - 8. Mediación penal en tiempos de cólera / Beatriz E. Avila - 9. Proceso de mediación en el ámbito de la provincia de Buenos Aires / Cecilia Figueira - 10. Diferencias entre ley de mediación de la provincia de Buenos Aires (L: 13951) y la ley de Nación (L: 26589) / María E. Franzone |
| 590 ## - LOCAL NOTE (RLIN) | |
| Local note | niveau_biblio:m niveau_hierar:0 |
| 856 41 - ELECTRONIC LOCATION AND ACCESS | |
| Uniform Resource Identifier | <a href="https://biblioeco.unsa.edu.ar/pmb/images/libros/E00025.jpg">https://biblioeco.unsa.edu.ar/pmb/images/libros/E00025.jpg</a> |
| Link text | Imagen de portada |
| Electronic format type | image/jpeg |
| 942 ## - ADDED ENTRY ELEMENTS (KOHA) | |
| Koha item type | |
| Withdrawn status | Lost status | Damaged status | Not for loan | Home library | Current library | Shelving location | Date acquired | Total checkouts | Full call number | Barcode | Date last seen | Price effective from | Koha item type |
|---|---|---|---|---|---|---|---|---|---|---|---|---|---|
| Biblioteca Prof. Eusebio Cleto del Rey | Biblioteca Prof. Eusebio Cleto del Rey | 07/04/2026 | E347.925 F837/ER | E00025 | 07/04/2026 | 07/04/2026 | Libro |